000 00707nam a2200217 a 4500
003 CBULib
005 20250717105831.0
008 091221s1992 xx |||||||||||||| || u
040 _aCBULib
_bEnglish
_cCBULib
_dCBULib
_erda
050 _aPAPERS/STAFF
100 _aKing, R. J
245 1 4 _aThe basic infrastructure required in Developing Countries: its planning and implementation
_c/by King ,R.J.
260 _c1992
300 _a7Pages
336 _2rdacontent
_aText |
_btxt
337 _2rdamedia
_aUnmediated |
_bn
338 _2rdacarrier
_aVolume
_bnc
650 _aINFRASTRUCTURE--ECONOMICS--DEVELOPMENT
942 _2mc
_c023
999 _c35571
_d35571